[Event "Russian Championship B13 1st league 2016"]
[Site "Loo"]
[Date "2016.04.21"]
[Round "2.47"]
[White "Zhuravlev, Aleksandr"]
[Black "Belousov, Aleksandr"]
[Result "1-0"]
[WhiteElo "1695"]
[BlackElo "1389"]
[PlyCount "125"]
[EventDate "2016.04.20"]

1. Nf3 Nc6 2. d4 d5 3. g3 Nf6 4. Bg2 e6 5. O-O Bd6 6. c4 dxc4 7. Qa4 O-O 8.
Qxc4 Bd7 9. Nc3 e5 10. dxe5 Bxe5 11. Nxe5 Nxe5 12. Qb3 Rb8 13. Be3 Nc6 14. Rfd1
Qe7 15. Bf4 Be6 16. Qa4 Rfd8 17. Nb5 Rdc8 18. Nxa7 Re8 19. Nxc6 bxc6 20. Bxc6
Rec8 21. Qc2 Bg4 22. f3 Be6 23. e4 h6 24. Be3 Rd8 25. b3 Ne8 26. Qc3 Qf6 27.
Qxf6 Nxf6 28. Kf2 Nh7 29. Ke2 f5 30. Rxd8+ Rxd8 31. Rd1 Rf8 32. Bc5 Rb8 33. e5
Nf8 34. Bxf8 Kxf8 35. f4 Ke7 36. Bd5 Bd7 37. a4 Be6 38. Bxe6 Kxe6 39. Rd3 g5
40. Kd2 gxf4 41. gxf4 Rg8 42. Rg3 Rd8+ 43. Kc3 Kf7 44. Rd3 Rg8 45. Rd7+ Ke6 46.
Rxc7 Rg4 47. Rc4 Rh4 48. a5 Rxh2 49. a6 Ra2 50. Ra4 Rg2 51. a7 Rg8 52. a8=Q
Rxa8 53. Rxa8 h5 54. Rh8 Kd5 55. Rxh5 Ke4 56. e6 Kxf4 57. e7 Kg4 58. e8=Q f4
59. Qg6+ Kf3 60. Rh3+ Kf2 61. Qc2+ Kg1 62. Rf3 Kh1 63. Rf1# 1-0

[Event "Russian Championship B13 1st league 2016"]
[Site "Loo"]
[Date "2016.04.21"]
[Round "2.48"]
[White "Stolyarov, Egor"]
[Black "Goryachev, Ivan"]
[Result "0-1"]
[WhiteElo "1392"]
[BlackElo "1670"]
[PlyCount "84"]
[EventDate "2016.04.20"]

1. e4 c5 2. d3 Nc6 3. g3 g6 4. Bg2 Bg7 5. Ne2 d6 6. O-O Nf6 7. c3 Bg4 8. h3 Bd7
9. d4 cxd4 10. cxd4 O-O 11. Nbc3 a6 12. a4 Qc7 13. Be3 Rac8 14. Rc1 Qd8 15. Qd2
Na5 16. Qd1 Nc4 17. Bg5 Rc7 18. b3 Na5 19. Rb1 Qc8 20. Qd2 Bxh3 21. Bxf6 Bxg2
22. Kxg2 Bxf6 23. Rfe1 Qd8 24. Nd5 Rd7 25. Nxf6+ exf6 26. Qh6 f5 27. Rh1 f6 28.
Nf4 Qe8 29. Rbe1 fxe4 30. d5 Qf7 31. Rxe4 Re8 32. Ne6 Nxb3 33. Re3 Nc5 34. Ng7
Rxe3 35. Qxh7+ Kf8 36. Qh8+ Qg8 37. Ne6+ Nxe6 38. fxe3 Ng7 39. Qh3 Qxd5+ 40.
Kg1 Qd1+ 41. Kf2 Qd2+ 42. Kf1 Rc7 0-1

[Event "Russian Championship B13 1st league 2016"]
[Site "Loo"]
[Date "2016.04.21"]
[Round "2.49"]
[White "Brazhnikov, Dmitri"]
[Black "Shakirov, Marat"]
[Result "0-1"]
[WhiteElo "1359"]
[BlackElo "1648"]
[PlyCount "66"]
[EventDate "2016.04.20"]

1. e4 d6 2. d4 Nf6 3. Nc3 g6 4. f4 Bg7 5. Nf3 c6 6. Bd3 O-O 7. O-O Bg4 8. h3
Bxf3 9. Qxf3 e5 10. dxe5 dxe5 11. f5 Nbd7 12. Kh1 Qc7 13. Bg5 b5 14. Qe3 Qb6
15. Qxb6 axb6 16. a3 Nh5 17. Kh2 Nf4 18. Bxf4 exf4 19. g3 fxg3+ 20. Kxg3 Be5+
21. Kg2 Rfd8 22. Nd1 Nc5 23. Rf3 Nxd3 24. cxd3 b4 25. Ra2 b5 26. Ne3 Rxd3 27.
Ng4 b3 28. Ra1 Rd2+ 29. Rf2 Rxf2+ 30. Kxf2 Bxb2 31. Rb1 Bd4+ 32. Ke2 b2 33. Kd3
c5 0-1

[Event "Russian Championship B13 1st league 2016"]
[Site "Loo"]
[Date "2016.04.21"]
[Round "2.50"]
[White "Kostenko, Kirill"]
[Black "Edgeev, Danzan"]
[Result "1-0"]
[WhiteElo "1614"]
[BlackElo "1376"]
[PlyCount "47"]
[EventDate "2016.04.20"]

1. d4 d5 2. Nf3 Nc6 3. g3 Nf6 4. Bg2 Bf5 5. O-O Bg6 6. b3 e6 7. Bb2 Bd6 8. Nbd2
O-O 9. Nh4 Qe7 10. Nxg6 fxg6 11. c4 Ba3 12. Bc3 Bb4 13. Qc2 Bxc3 14. Qxc3 Qd7
15. e3 Ne7 16. e4 dxe4 17. Nxe4 Nf5 18. Rad1 Nxe4 19. Bxe4 c6 20. Rd2 Rad8 21.
Rfd1 Qf7 22. d5 Ne7 23. dxe6 Qe8 24. Rxd8 1-0

[Event "Russian Championship B13 1st league 2016"]
[Site "Loo"]
[Date "2016.04.21"]
[Round "2.51"]
[White "Volf, Sergey"]
[Black "Onishchenko, Gennady"]
[Result "0-1"]
[WhiteElo "1356"]
[BlackElo "1612"]
[PlyCount "120"]
[EventDate "2016.04.20"]

1. d4 Nf6 2. c4 c5 3. dxc5 Qa5+ 4. Nc3 Qxc5 5. e3 g6 6. Nf3 Bg7 7. Be2 O-O 8.
O-O b6 9. a3 Bb7 10. b4 Qc8 11. Qb3 Qc6 12. Bb2 d6 13. Rac1 Nbd7 14. Rfd1 Ne5
15. b5 Nxf3+ 16. Bxf3 Qc7 17. Bxb7 Qxb7 18. Nd5 Nxd5 19. cxd5 Bxb2 20. Qxb2
Rfc8 21. Qb3 Rxc1 22. Rxc1 Rc8 23. Rc6 Ra8 24. h3 a6 25. a4 axb5 26. axb5 Qa7
27. Qc3 Qa2 28. Rc8+ Rxc8 29. Qxc8+ Kg7 30. Qa6 Qxd5 31. Qxb6 Kf6 32. Qc6 Qxc6
33. bxc6 Ke6 34. e4 d5 35. exd5+ Kd6 36. Kf1 e6 37. dxe6 fxe6 38. Ke2 Kxc6 39.
Ke3 Kd5 40. f4 e5 41. fxe5 Kxe5 42. g4 g5 43. Kf3 Kd4 44. Kg3 Ke3 45. h4 h6 46.
h5 Ke4 47. Kg2 Kf4 48. Kh3 Kf3 49. Kh2 Kxg4 50. Kg2 Kxh5 51. Kh3 g4+ 52. Kg3
Kg5 53. Kh2 Kf4 54. Kg2 g3 55. Kg1 Kf3 56. Kf1 h5 57. Kg1 g2 58. Kh2 Kf2 59.
Kh3 g1=Q 60. Kh4 Qg4# 0-1

[Event "Russian Championship B13 1st league 2016"]
[Site "Loo"]
[Date "2016.04.21"]
[Round "2.52"]
[White "Yusupov, Mark"]
[Black "Khanzhin, Timur"]
[Result "0-1"]
[WhiteElo "1338"]
[BlackElo "1582"]
[PlyCount "118"]
[EventDate "2016.04.20"]

1. d4 Nf6 2. c4 e6 3. Bg5 h6 4. Bh4 b6 5. Nc3 Bb7 6. Nf3 Be7 7. Bg3 d6 8. Qc2
Nbd7 9. O-O-O c5 10. d5 e5 11. e4 a6 12. Bd3 Qc7 13. Rhe1 O-O-O 14. Nh4 g6 15.
f4 exf4 16. Bxf4 Nh5 17. Bg3 Nxg3 18. hxg3 Ne5 19. Nf3 Ng4 20. e5 Nxe5 21. Nxe5
dxe5 22. Kb1 Kb8 23. g4 h5 24. Qf2 Bd6 25. Ne4 Qe7 26. g5 Bc7 27. Bc2 Rhf8 28.
Nf6 Bc8 29. Nh7 Rh8 30. Nf6 Ka8 31. Qf3 Bd6 32. Qa3 Qc7 33. Qf3 Be7 34. Rd2
Bxf6 35. gxf6 Rhe8 36. Qg3 Rd6 37. Qf2 Qd8 38. Rf1 e4 39. Re2 Bf5 40. Qh4 Qxf6
41. Qxf6 Rxf6 42. Rfe1 b5 43. b3 bxc4 44. bxc4 Rb8+ 45. Kc1 Rb4 46. Bb3 a5 47.
Rd2 Rd6 48. Rb2 a4 49. Bc2 Rxc4 50. Rd1 e3 51. Kb1 a3 52. Bxf5 axb2 53. Be4
Rxe4 54. Kxb2 e2 55. Re1 Rxd5 56. Kc2 Rg5 57. Kd3 Re6 58. Rxe2 Rxe2 59. Kxe2
Rxg2+ 0-1

[Event "Russian Championship B13 1st league 2016"]
[Site "Loo"]
[Date "2016.04.21"]
[Round "2.53"]
[White "Sobashnikov, Ivan"]
[Black "Mamedov, Amin"]
[Result "1-0"]
[WhiteElo "1525"]
[BlackElo "1358"]
[PlyCount "113"]
[EventDate "2016.04.20"]

1. d4 Nf6 2. c4 c5 3. d5 e6 4. Nc3 exd5 5. cxd5 d6 6. e4 g6 7. Bd3 Bg7 8. Nf3
O-O 9. O-O h6 10. Re1 Bg4 11. h3 Bxf3 12. Qxf3 Nbd7 13. Qd1 Ne5 14. Bc2 a6 15.
f4 Ned7 16. e5 dxe5 17. fxe5 Nh5 18. e6 Bd4+ 19. Be3 Bxe3+ 20. Rxe3 fxe6 21.
dxe6 Qf6 22. Qe1 Nb6 23. e7 Rfe8 24. Re6 Qd4+ 25. Qf2 Qxf2+ 26. Kxf2 Nf4 27.
Rxb6 Rxe7 28. Rf6 Rf8 29. Bb3+ Kg7 30. Rxf8 Kxf8 31. Rd1 b5 32. Kf3 g5 33. Nd5
Nxd5 34. Bxd5 Rd7 35. Bb3 Rxd1 36. Bxd1 c4 37. Ke4 Ke7 38. Ke5 Kd7 39. Kd5 Kc7
40. a4 Kb6 41. axb5 axb5 42. b3 cxb3 43. Bxb3 Ka5 44. Ke5 Kb4 45. Bf7 Ka3 46.
Kf5 b4 47. Kg6 b3 48. Bxb3 Kxb3 49. Kxh6 Kc4 50. Kxg5 Kd5 51. h4 Ke6 52. Kg6
Ke7 53. Kg7 Ke6 54. h5 Kf5 55. h6 Kg4 56. h7 Kg5 57. h8=Q 1-0

[Event "Russian Championship B13 1st league 2016"]
[Site "Loo"]
[Date "2016.04.21"]
[Round "2.54"]
[White "Tukaev, Timur"]
[Black "Konotop, Timofey"]
[Result "1-0"]
[WhiteElo "1276"]
[BlackElo "1524"]
[PlyCount "45"]
[EventDate "2016.04.20"]

1. e4 e5 2. Nf3 Nc6 3. d4 exd4 4. Nxd4 Bc5 5. Be3 Qf6 6. c3 Bb6 7. Qd2 d6 8.
Nb5 Bxe3 9. Qxe3 Qe7 10. Be2 Nf6 11. Nd2 a6 12. Nd4 Ne5 13. O-O Bd7 14. h3 Nc6
15. f4 O-O-O 16. a4 Rde8 17. Bf3 Nd5 18. Qf2 Nxf4 19. Be2 Nxh3+ 20. gxh3 Qg5+
21. Kh1 Qxd2 22. Nxc6 bxc6 23. Bxa6+ 1-0

[Event "Russian Championship B13 1st league 2016"]
[Site "Loo"]
[Date "2016.04.21"]
[Round "2.55"]
[White "Klykov, Georgy"]
[Black "Serov, Aleksandr"]
[Result "0-1"]
[WhiteElo "1519"]
[BlackElo "1349"]
[PlyCount "96"]
[EventDate "2016.04.20"]

1. Nf3 Nf6 2. d4 e6 3. c4 Bb4+ 4. Nc3 d6 5. Bg5 O-O 6. e3 h6 7. Bxf6 Qxf6 8.
Bd3 Nd7 9. O-O Bxc3 10. bxc3 c5 11. Rb1 Rb8 12. Qc2 Rd8 13. a4 b6 14. Rfd1 Bb7
15. Be4 Nf8 16. Bxb7 Rxb7 17. a5 Rdb8 18. Rb5 Qe7 19. a6 Rc7 20. d5 Rd8 21.
dxe6 Qxe6 22. Qd3 Rcd7 23. Qd5 Qf6 24. Rd3 Ne6 25. Rb2 Nc7 26. Qc6 Nxa6 27. Qa4
Nb8 28. Nd2 Qg6 29. Qc2 Nc6 30. Rd5 Qxc2 31. Rxc2 Ne7 32. Rd3 Ng6 33. Rd5 Re8
34. Ra2 Re6 35. Kf1 Kf8 36. Ke2 Nf4+ 37. Kf3 Nxd5 38. cxd5 Rf6+ 39. Ke2 Re7 40.
Nb1 Rf5 41. c4 Rf4 42. Ra4 b5 43. Ra6 Rxc4 44. Rxd6 Rc2+ 45. Kf3 b4 46. Rc6 f6
47. Rc8+ Re8 48. Rc7 Rb2 0-1

[Event "Russian Championship B13 1st league 2016"]
[Site "Loo"]
[Date "2016.04.21"]
[Round "2.56"]
[White "Sarkisian, Artem"]
[Black "Tsukhaev, Musa"]
[Result "0-1"]
[WhiteElo "1220"]
[BlackElo "1518"]
[PlyCount "84"]
[EventDate "2016.04.20"]

1. d4 d5 2. Nf3 e6 3. c4 Nf6 4. Bg5 Be7 5. e3 O-O 6. Nc3 Nbd7 7. Qb3 h6 8. Bh4
c6 9. Bd3 b6 10. O-O Bb7 11. e4 dxe4 12. Nxe4 Nxe4 13. Bxe7 Qxe7 14. Bxe4 Nf6
15. Bd3 c5 16. Be2 Rfd8 17. dxc5 Qxc5 18. Rfd1 Rac8 19. Rxd8+ Rxd8 20. Rd1
Rxd1+ 21. Qxd1 Bxf3 22. gxf3 g6 23. Qd2 Kg7 24. b4 Qe5 25. f4 Qf5 26. Bd3 Qg4+
27. Kh1 Nh5 28. Be2 Qxf4 29. Qxf4 Nxf4 30. Bf3 Nd3 31. a3 Nxf2+ 32. Kg2 Nd3 33.
Be4 Ne5 34. c5 bxc5 35. bxc5 Kf8 36. c6 Ke7 37. Kg3 Kd6 38. Kf4 Nxc6 39. Bxc6
Kxc6 40. Ke5 f5 41. h4 g5 42. h5 g4 0-1

[Event "Russian Championship B13 1st league 2016"]
[Site "Loo"]
[Date "2016.04.21"]
[Round "2.57"]
[White "Peregudov, Denis"]
[Black "Rublevsky, Mikhail"]
[Result "1-0"]
[WhiteElo "1517"]
[BlackElo "1237"]
[PlyCount "73"]
[EventDate "2016.04.20"]

1. d4 d5 2. c4 dxc4 3. e3 Nf6 4. Bxc4 e6 5. Nf3 c5 6. O-O a6 7. dxc5 Qxd1 8.
Rxd1 Bxc5 9. a3 b5 10. Be2 Bb7 11. b4 Be7 12. Bb2 Nbd7 13. Nbd2 O-O 14. Rac1
Rac8 15. Kf1 Rfd8 16. Nb3 Bd5 17. Rxc8 Rxc8 18. Rc1 Rxc1+ 19. Nxc1 Nb6 20. Bd4
Nc4 21. Bxc4 Bxc4+ 22. Ke1 Nd7 23. Ne2 f6 24. Nd2 Bd5 25. e4 Bb7 26. f3 e5 27.
Be3 Nb6 28. Bxb6 Kf7 29. Nb3 Ke8 30. Nc5 Bc8 31. Nc3 g6 32. Nd5 f5 33. Nc7+ Kf7
34. N7xa6 Bxc5 35. Nxc5 fxe4 36. Nxe4 Ke7 37. Bc7 1-0

[Event "Russian Championship B13 2016"]
[Site "Loo"]
[Date "2016.04.21"]
[Round "2.1"]
[White "Privalov, Igor"]
[Black "Skatchkov, Valery"]
[Result "0-1"]
[WhiteElo "1864"]
[BlackElo "2170"]
[PlyCount "76"]
[EventDate "2016.04.20"]

1. e4 e5 2. Nf3 Nf6 3. Nxe5 d6 4. Nf3 Nxe4 5. Nc3 Nxc3 6. dxc3 Be7 7. Be3 O-O
8. Qd2 Nd7 9. O-O-O Ne5 10. Kb1 c6 11. b3 Be6 12. Nd4 Bg4 13. f3 Bd7 14. h3 a5
15. f4 Ng6 16. Bd3 Qc7 17. g4 a4 18. Qe2 Rfe8 19. g5 axb3 20. cxb3 Qa5 21. Qd2
c5 22. Ne2 Bc6 23. Rhe1 Nh4 24. Ng1 Bd8 25. Bf2 Rxe1 26. Bxe1 Nf3 27. Nxf3 Bxf3
28. Rc1 c4 29. Bxc4 Be4+ 30. Ka1 d5 31. Bf1 Bb6 32. Bf2 d4 33. b4 dxc3 34. Rxc3
Qxb4 35. Rd3 Qxd2 36. Rxd2 Bd5 37. Bd3 Bxa2 38. Be4 Ra4 0-1

[Event "Russian Championship B13 2016"]
[Site "Loo"]
[Date "2016.04.21"]
[Round "2.2"]
[White "Tsoi, Dmitry"]
[Black "Golovin, Nikita A"]
[Result "0-1"]
[WhiteElo "2127"]
[BlackElo "1853"]
[PlyCount "58"]
[EventDate "2016.04.20"]

1. e4 c5 2. Nf3 e6 3. d4 cxd4 4. Nxd4 a6 5. Nc3 Qc7 6. Qf3 d6 7. Bf4 Nf6 8. Bg3
Be7 9. O-O-O O-O 10. h3 Nbd7 11. Qe3 b5 12. a3 Ne5 13. f4 Nc4 14. Bxc4 bxc4 15.
Rde1 Bb7 16. Bh2 Qa5 17. g4 d5 18. e5 Ne4 19. Nxe4 dxe4 20. f5 c3 21. bxc3 Rac8
22. Nb3 Qxa3+ 23. Kd2 Rfd8+ 24. Ke2 Qb2 25. Kf1 Rxc3 26. Qc1 Rxc2 27. Qxb2 Rxb2
28. Na5 Bd5 29. Bf4 Bh4 0-1

[Event "Russian Championship B13 2016"]
[Site "Loo"]
[Date "2016.04.21"]
[Round "2.3"]
[White "Rubtsov, Aleksandr"]
[Black "Pogosyan, Stefan"]
[Result "0-1"]
[WhiteElo "1834"]
[BlackElo "2082"]
[PlyCount "104"]
[EventDate "2016.04.20"]

1. e4 c6 2. d4 d5 3. Nc3 dxe4 4. Nxe4 Bf5 5. Ng3 Bg6 6. Nf3 Nd7 7. h4 h6 8. h5
Bh7 9. Bd3 Bxd3 10. Qxd3 e6 11. Bd2 Ngf6 12. O-O-O Qc7 13. Qe2 Be7 14. Ne5 O-O
15. Ng6 Rfe8 16. Nxe7+ Rxe7 17. Nf5 Ree8 18. Nxh6+ gxh6 19. Bxh6 Kh7 20. Bd2
Qd6 21. Rh4 Qd5 22. Qd3+ Kh8 23. g4 Qxa2 24. c3 Nb6 25. Bg5 Nh7 26. Qf3 Nc4 27.
Kc2 Qxb2+ 28. Kd3 Ne5+ 29. dxe5 Rad8+ 30. Bxd8 Rxd8+ 31. Ke4 Qc2+ 32. Qd3 Ng5+
33. Ke3 Rxd3+ 34. Rxd3 Qc1+ 35. Ke2 Qf4 36. Re3 Ne4 37. f3 Qg3 38. Rxe4 Qxh4
39. Rd4 Qh2+ 40. Kd3 Qxe5 41. Rd8+ Kg7 42. Rd7 c5 43. c4 Qf4 44. Ke2 Qxc4+ 45.
Kf2 a5 46. Rxb7 a4 47. g5 Qh4+ 48. Ke2 Qxg5 49. Ra7 Qc1 50. h6+ Kxh6 51. Rxf7
a3 52. Rf6+ Kg5 0-1

[Event "Russian Championship B13 2016"]
[Site "Loo"]
[Date "2016.04.21"]
[Round "2.4"]
[White "Tsvetkov, Andrey"]
[Black "Esipenko, Aleksandr"]
[Result "1-0"]
[WhiteElo "2036"]
[BlackElo "1846"]
[PlyCount "107"]
[EventDate "2016.04.20"]

1. d4 f5 2. c4 Nf6 3. Nf3 e6 4. g3 c6 5. Bg2 d5 6. O-O Bd6 7. b3 Qe7 8. Ne5 O-O
9. Qc2 Nbd7 10. Nd3 h6 11. Bf4 Bxf4 12. Nxf4 Qf7 13. Nd2 g5 14. Nd3 Qg7 15. e3
Re8 16. Rac1 h5 17. Nf3 Kh8 18. h4 Ne4 19. Qe2 g4 20. Nfe5 Nxe5 21. Nxe5 Bd7
22. Rc2 Re7 23. b4 a6 24. a4 Be8 25. Rfc1 Nd6 26. Qd2 dxc4 27. Nxc4 Nxc4 28.
Rxc4 Rd8 29. Qc3 Qf6 30. Rc5 Qg7 31. Re5 Bd7 32. Qc5 Ree8 33. Qb6 Rb8 34. a5
Qe7 35. d5 Qg7 36. dxc6 Qxe5 37. cxd7 Red8 38. Rc5 Qf6 39. Qd6 Kg8 40. Re5 Kf7
41. Rxe6 Qxe6 42. Bd5 Qxd5 43. Qxd5+ Ke7 44. Qxf5 Rh8 45. e4 Rbd8 46. Qd5 Rhf8
47. Qxh5 Rxd7 48. Qxg4 Ke8 49. h5 Rd2 50. Qc8+ Ke7 51. Qxb7+ Ke8 52. Qxa6 Rfxf2
53. Qa8+ Ke7 54. Qa7+ 1-0

[Event "Russian Championship B13 2016"]
[Site "Loo"]
[Date "2016.04.21"]
[Round "2.5"]
[White "Breskanu, Nikita"]
[Black "Makarian, Rudik"]
[Result "1-0"]
[WhiteElo "1810"]
[BlackElo "2016"]
[PlyCount "141"]
[EventDate "2016.04.20"]

1. Nf3 Nf6 2. c4 c5 3. Nc3 b6 4. g3 Bb7 5. Bg2 e6 6. d3 Be7 7. O-O O-O 8. e4 d6
9. Be3 Nbd7 10. Ne1 a6 11. e5 Bxg2 12. exf6 Bxf1 13. fxe7 Qxe7 14. Kxf1 f5 15.
Qf3 Ne5 16. Qg2 Qd7 17. a4 Rad8 18. h3 h6 19. f4 Nc6 20. Bf2 d5 21. a5 d4 22.
Na4 Nxa5 23. Nxc5 bxc5 24. Rxa5 Qd6 25. Qb7 Ra8 26. b4 Rfb8 27. Qf3 cxb4 28.
Qe2 Qb6 29. Re5 b3 30. Qb2 a5 31. Rb5 a4 32. Qa3 Qc6 33. Bxd4 Rxb5 34. cxb5
Qh1+ 35. Kf2 Qd5 36. Nf3 e5 37. Bxe5 Rc8 38. Nd4 Qh1 39. Nc6 Qh2+ 40. Kf3 Qh1+
41. Ke3 Qg1+ 42. Kd2 Qf2+ 43. Kc3 Qc2+ 44. Kb4 Ra8 45. Qb2 Qxd3 46. Qc3 Qd7 47.
Qd4 Qe8 48. Qd5+ Kh7 49. b6 Ra6 50. Kb5 Qa8 51. Qf7 Rxb6+ 52. Kxb6 Qg8 53.
Qxg8+ Kxg8 54. Bb2 g5 55. Kb5 gxf4 56. gxf4 Kf7 57. Kxa4 h5 58. Kxb3 h4 59. Kc4
Kg6 60. Kd5 Kh6 61. Ke6 Kg6 62. Ke5 Kh6 63. Kf6 Kh5 64. Kxf5 Kh6 65. Kg4 Kg6
66. f5+ Kf7 67. Kg5 Kf8 68. f6 Kf7 69. Kf5 Kg8 70. Kg6 Kf8 71. Ba3+ 1-0

[Event "Russian Championship B13 2016"]
[Site "Loo"]
[Date "2016.04.21"]
[Round "2.6"]
[White "Zhakamukhov, Eduard"]
[Black "Tsybikov, Tumen"]
[Result "0-1"]
[WhiteElo "1794"]
[BlackElo "1977"]
[PlyCount "64"]
[EventDate "2016.04.20"]

1. e4 c5 2. Nf3 d6 3. d4 cxd4 4. Nxd4 Nf6 5. Nc3 a6 6. Bc4 b5 7. Bb3 e6 8. Bg5
Be7 9. Bxf6 Bxf6 10. Qd3 O-O 11. O-O-O Qb6 12. f4 Nd7 13. Rhe1 Nc5 14. Qd2 Bb7
15. a3 Rac8 16. Kb1 Rfd8 17. f5 Nxb3 18. cxb3 Re8 19. g4 exf5 20. gxf5 d5 21.
e5 Rxe5 22. Rxe5 Bxe5 23. Nde2 Qc5 24. Nxd5 Bxd5 25. Rc1 Be4+ 26. Ka1 Qf8 27.
Rxc8 Qxc8 28. Nc3 Bxc3 29. bxc3 Bxf5 30. Kb2 h6 31. h4 Be6 32. Qd6 Qd7 0-1

[Event "Russian Championship B13 2016"]
[Site "Loo"]
[Date "2016.04.21"]
[Round "2.7"]
[White "Kulaev, Maxim"]
[Black "Shihaliev, Leonard"]
[Result "0-1"]
[WhiteElo "1966"]
[BlackElo "1815"]
[PlyCount "112"]
[EventDate "2016.04.20"]

1. d4 Nf6 2. Nf3 g6 3. g3 Bg7 4. Bg2 d6 5. O-O Nbd7 6. c4 O-O 7. Nc3 c5 8. d5
a6 9. a4 Rb8 10. h3 Re8 11. e4 Nb6 12. Qb3 e5 13. Ne1 Nh5 14. Bd2 Bd7 15. a5
Nc8 16. Qd1 Ne7 17. Kh2 Qc7 18. Na4 Rf8 19. Nb6 Rbe8 20. Bf3 f5 21. exf5 e4 22.
Bxe4 Bxf5 23. Bxf5 Nxf5 24. Ra3 Bxb2 25. Rb3 Be5 26. Nf3 Nd4 27. Nxd4 Bxd4 28.
f4 Re4 29. Bc3 Rfe8 30. Bxd4 Rxd4 31. Rd3 Rde4 32. Rf2 Qe7 33. Rdd2 Re3 34. Rg2
Nf6 35. Rdf2 Qe4 36. Qc2 Qd4 37. Qd2 Ne4 38. Qxd4 cxd4 39. Na4 Nxf2 40. Rxf2
Ra3 41. Nb6 d3 42. Kg2 Re3 43. Nd7 Rxg3+ 44. Kh2 Rxh3+ 45. Kg2 Re3 46. c5 dxc5
47. Nxc5 Rxa5 48. Nd7 Re2 49. d6 Rxf2+ 50. Kxf2 Kf7 51. Ne5+ Ke6 52. Ke3 d2 53.
Kxd2 Rd5+ 54. Ke3 Rxd6 55. Nf3 h6 56. Nh4 Kf6 0-1

[Event "Russian Championship B13 2016"]
[Site "Loo"]
[Date "2016.04.21"]
[Round "2.8"]
[White "Radochin, Oleg"]
[Black "Gaydym, Arseniy"]
[Result "0-1"]
[WhiteElo "1729"]
[BlackElo "1959"]
[PlyCount "106"]
[EventDate "2016.04.20"]

1. e4 c5 2. Nf3 d6 3. d4 cxd4 4. Nxd4 Nf6 5. Nc3 g6 6. Be3 Bg7 7. f3 O-O 8. Bc4
Nc6 9. Qd2 Bd7 10. O-O-O Rc8 11. Bb3 Ne5 12. Kb1 a6 13. h4 h5 14. Nde2 b5 15.
Bf4 Nc4 16. Bxc4 bxc4 17. Bh6 Qb6 18. Ka1 Rb8 19. Rb1 a5 20. Bxg7 Kxg7 21. Nd5
Nxd5 22. exd5 Rh8 23. Nc3 f6 24. Qe2 Kf7 25. Rhe1 Qd8 26. Rh1 Qc8 27. Rhe1 Re8
28. Qd2 Kg7 29. Ne2 Rb4 30. a3 Qc5 31. c3 Rb5 32. Nf4 Bf5 33. Ne6+ Bxe6 34.
dxe6 Rb3 35. g4 Reb8 36. Ka2 R8b5 37. Re4 Rb6 38. gxh5 Qxh5 39. Rxc4 Qb5 40.
Rb4 axb4 41. Kxb3 bxa3+ 42. Ka2 Qb3+ 43. Ka1 axb2+ 44. Rxb2 Qxb2+ 45. Qxb2 Rxb2
46. Kxb2 g5 47. hxg5 fxg5 48. Kc2 Kf6 49. Kd3 Kxe6 50. Ke4 d5+ 51. Kd4 Kd6 52.
c4 e5+ 53. Kd3 d4 0-1

[Event "Russian Championship B13 2016"]
[Site "Loo"]
[Date "2016.04.21"]
[Round "2.9"]
[White "Stukan, Martin"]
[Black "Kataev, Aleksandr"]
[Result "1-0"]
[WhiteElo "1956"]
[BlackElo "1800"]
[PlyCount "65"]
[EventDate "2016.04.20"]

1. e4 e6 2. d4 d5 3. Nc3 Nf6 4. Bg5 Be7 5. e5 Nfd7 6. h4 Bxg5 7. hxg5 Qxg5 8.
Qd3 h6 9. Nh3 Qe7 10. Nf4 Nc6 11. O-O-O Nb6 12. Nh5 Rg8 13. Qh7 Kf8 14. f4 Na5
15. Rh3 Nac4 16. Bxc4 Nxc4 17. a3 Bd7 18. Rg3 Qh4 19. Nf6 Qxf4+ 20. Kb1 Qxg3
21. Qxg8+ Ke7 22. Ncxd5+ exd5 23. Nxd5+ Ke6 24. Nxc7+ Ke7 25. Qxa8 Qxg2 26. d5
Nxe5 27. d6+ Kf6 28. Nd5+ Kg5 29. Qxa7 Bg4 30. Qe3+ Kh4 31. Qxe5 Bxd1 32. Qe1+
Kg5 33. Qe7+ 1-0

[Event "Russian Championship B13 2016"]
[Site "Loo"]
[Date "2016.04.21"]
[Round "2.10"]
[White "Terzyan, Nazar"]
[Black "Kirillov, Dmitry"]
[Result "0-1"]
[WhiteElo "1708"]
[BlackElo "1930"]
[PlyCount "74"]
[EventDate "2016.04.20"]

1. e4 c5 2. Nc3 Nc6 3. g3 g6 4. Bg2 Bg7 5. d3 d6 6. f4 e6 7. Nf3 Nge7 8. O-O
O-O 9. Be3 Nd4 10. Qd2 Rb8 11. a4 a6 12. Rfb1 b5 13. axb5 axb5 14. Ne2 Nec6 15.
Nexd4 Nxd4 16. Nxd4 cxd4 17. Bf2 b4 18. Ra4 b3 19. cxb3 Rxb3 20. Qc2 Qb6 21.
Rc4 Bd7 22. Rc7 Ba4 23. e5 Rb4 24. Qc1 dxe5 25. Rb7 Qd6 26. fxe5 Bxe5 27. Rxb4
Qxb4 28. Qg5 Bg7 29. Bf3 Bc2 30. Rc1 Bxd3 31. Rd1 Bc2 32. Rc1 d3 33. Bc5 Bd4+
34. Bxd4 Qxd4+ 35. Kg2 e5 36. Qd2 e4 37. Bd1 e3 0-1

[Event "Russian Championship B13 2016"]
[Site "Loo"]
[Date "2016.04.21"]
[Round "2.11"]
[White "Ismagilov, Damir"]
[Black "Yarosh, Ruslan"]
[Result "0-1"]
[WhiteElo "1929"]
[BlackElo "1791"]
[PlyCount "132"]
[EventDate "2016.04.20"]

1. d4 Nf6 2. Nf3 g6 3. Bg5 Bg7 4. Nbd2 O-O 5. e4 d6 6. Bc4 h6 7. Bh4 Nc6 8. c3
e5 9. dxe5 Nxe5 10. Nxe5 dxe5 11. O-O Qe7 12. Qc2 c6 13. Rad1 Be6 14. Bg3 Nd7
15. Bxe6 Qxe6 16. Qb3 Nc5 17. Qxe6 Nxe6 18. Nc4 f6 19. f3 Rfd8 20. Bf2 b6 21.
Be3 g5 22. Kf2 Bf8 23. g3 Kf7 24. Ke2 Rxd1 25. Rxd1 Rd8 26. Rxd8 Nxd8 27. a4
Nb7 28. Kd2 Ke6 29. a5 bxa5 30. Bxa7 a4 31. Be3 h5 32. h3 Bc5 33. g4 h4 34. Kc2
Bxe3 35. Nxe3 Nc5 36. Nc4 Kd7 37. Kd2 Kc7 38. Ne3 Ne6 39. Nf5 Nf4 40. Ng7 Nxh3
41. Ne8+ Kd7 42. Nxf6+ Ke6 43. Ng8 Ng1 44. Ke3 h3 45. Kf2 h2 46. Kg2 Nxf3 47.
Nh6 Nd2 48. Nf5 Nxe4 49. Ne3 h1=Q+ 50. Kxh1 Nf2+ 51. Kg2 Nd3 52. Nc4 Nxb2 53.
Nxb2 a3 54. Nd3 a2 55. Nc5+ Kd5 56. Nb3 Kc4 57. Na5+ Kxc3 58. Nxc6 a1=Q 59.
Nxe5 Qb2+ 60. Kh3 Qe2 61. Kg3 Qxe5+ 62. Kh3 Kd3 63. Kg2 Ke2 64. Kh3 Qf6 65. Kh2
Kf2 66. Kh3 Qh6# 0-1

[Event "Russian Championship B13 2016"]
[Site "Loo"]
[Date "2016.04.21"]
[Round "2.12"]
[White "Shumilov, Demyan"]
[Black "Mishuris, Matvey"]
[Result "1-0"]
[WhiteElo "1897"]
[BlackElo "1784"]
[PlyCount "207"]
[EventDate "2016.04.20"]

1. d4 Nf6 2. Nf3 g6 3. c4 Bg7 4. Nc3 O-O 5. Bg5 d6 6. e3 h6 7. Bh4 Nbd7 8. Qc2
c5 9. Rd1 cxd4 10. exd4 b6 11. Be2 Bb7 12. O-O Rc8 13. Qb1 Re8 14. Rfe1 Nf8 15.
Nd2 g5 16. Bg3 Ne6 17. Nb3 d5 18. cxd5 Nxd5 19. Nxd5 Bxd5 20. Bb5 Rf8 21. Ba6
Ra8 22. Be5 Qd7 23. Qf5 Bxe5 24. Bd3 Rfd8 25. Qh7+ Kf8 26. dxe5 Ke8 27. Bf5 Qb7
28. Qxh6 Bxg2 29. Bxe6 fxe6 30. Qxe6 Bd5 31. Qf5 e6 32. Qf6 Rd7 33. Qh8+ Ke7
34. Qg7+ Ke8 35. Qg6+ Kf8 36. Nd4 Re7 37. Rd3 g4 38. Rg3 Qd7 39. h4 Bxa2 40.
Rxg4 Rg7 41. Qxg7+ Qxg7 42. Rxg7 Kxg7 43. b3 Kf7 44. Ra1 Rd8 45. Rxa2 Rxd4 46.
Rxa7+ Kg6 47. Ra4 Rd5 48. Re4 Kf5 49. Re3 Kg4 50. Kg2 Kxh4 51. Kf3 Rd2 52. Rc3
Kg5 53. Ke3 Rb2 54. Kf3 Kf5 55. Re3 b5 56. Kg3 b4 57. f3 Rc2 58. Re4 Rc3 59.
Rxb4 Kxe5 60. Kg4 Kf6 61. Kf4 Rc5 62. Re4 Rb5 63. b4 e5+ 64. Ke3 Rd5 65. Rc4
Kf5 66. Rc1 Rb5 67. Rb1 Ke6 68. Ke4 Kd6 69. Kd3 Kd5 70. Rb3 Rb8 71. b5 Rb6 72.
Rb1 Rf6 73. Ke3 Rb6 74. Rb2 Kc5 75. Ke4 Kd6 76. Kf5 Kd5 77. Re2 Kd4 78. Rxe5
Rb8 79. f4 Rf8+ 80. Kg4 Rg8+ 81. Rg5 Rb8 82. Kf3 Rb7 83. Re5 Rb8 84. Re4+ Kd5
85. Re1 Kd6 86. Re5 Rb7 87. Ke4 Rb8 88. f5 Rb7 89. Re6+ Kc5 90. b6 Kb5 91. Kd5
Rb8 92. f6 Rb7 93. Rd6 Rf7 94. Ke6 Rb7 95. f7 Rb8 96. Ke7 Kc5 97. Rd8 Rb7+ 98.
Rd7 Rxb6 99. f8=Q Kb5 100. Qf5+ Ka6 101. Qd3+ Ka5 102. Rd5+ Ka4 103. Qc4+ Rb4
104. Qa2# 1-0

[Event "Russian Championship B13 2016"]
[Site "Loo"]
[Date "2016.04.21"]
[Round "2.13"]
[White "Khaliullin, Albert"]
[Black "Mochalin, Faddey"]
[Result "1-0"]
[WhiteElo "1689"]
[BlackElo "1866"]
[PlyCount "71"]
[EventDate "2016.04.20"]

1. e4 e6 2. d4 d5 3. Nd2 Be7 4. e5 c5 5. Qg4 Kf8 6. dxc5 Nc6 7. Ngf3 h5 8. Qg3
Nh6 9. Nb3 Nf5 10. Qf4 f6 11. exf6 Bxf6 12. Bb5 e5 13. Qd2 e4 14. Bxc6 bxc6 15.
Nfd4 Qc7 16. Nxf5 Bxf5 17. Nd4 Bd7 18. O-O Kg8 19. c3 Rf8 20. Qe3 Be5 21. f4
exf3 22. Nxf3 Bf4 23. Qd3 Rh6 24. Bxf4 Rxf4 25. Nd4 Re4 26. Rae1 Qe5 27. Rxe4
dxe4 28. Qc4+ Kh7 29. Rf8 Rg6 30. Qg8+ Kh6 31. Qf7 Kh7 32. Qxd7 e3 33. Qe8
Rxg2+ 34. Kxg2 Qg5+ 35. Kf1 e2+ 36. Nxe2 1-0